000
00322nam a22001337a 4500
020
_a
xxxxxxxxxx
082
_a
REF 330.966701 HYM
100
_a
Hymer, Stephen H.
245
_a
Economic forms in Pre-colonial Ghana
260
_a
New Haven
_b
Yale university
_c
1970
300
_a
50
500
_a
Includes index
942
_c
BK
999
_c
13307
_d
13307